Sprievodca MOK k Incoterms 2010

Salvato in:
Dettagli Bibliografici
Autore principale: Ramberg, Jan
Altri autori: Halašová, Darina, 1954-
Natura: Libro
Lingua:slovacco
Pubblicazione: Bratislava Slovenská obchodná a priemyselná komora 2015
Edizione:1. vyd.
Soggetti:
Tags: Aggiungi Tag
Nessun Tag, puoi essere il primo ad aggiungerne!!

MARC

LEADER 00000nlm a2200000 4500
001 0214377
005 20240502073601.5
020 |a 978-80-89105-63-2 
041 0 |a slo 
044 |a SK 
245 1 0 |a Sprievodca MOK k Incoterms 2010  |c Jan Ramberg ; slovenský preklad: Darina Halašová 
250 |a 1. vyd. 
264 1 |a Bratislava  |b Slovenská obchodná a priemyselná komora  |c 2015 
300 |a online [228 s., 10 AH] 
610 2 0 |a podmienky obchodné 
610 2 0 |a obchod zahraničný 
610 2 0 |a obchod medzinárodný 
610 2 0 |a zmluvy kúpne 
610 2 0 |a zmluvy obchodné 
610 2 0 |a komory obchodné 
610 2 0 |a dovoz 
610 2 0 |a vývoz 
610 2 0 |a zmluvy prepravné 
610 2 0 |a clá 
610 2 0 |a poistenie 
610 2 0 |a obchod elektronický 
610 2 0 |a predajcovia 
100 1 |a Ramberg, Jan 
700 1 |a Halašová, Darina, 1954-